Analizador de señal de video compuesto.
Kaydedildi:
| Yazar: | |
|---|---|
| Materyal Türü: | Kitap |
| Baskı/Yayın Bilgisi: |
San José, Costa Rica
1987
|
| Konular: | |
| Etiketler: |
Etiketle
Etiket eklenmemiş, İlk siz ekleyin!
|
MARC
| LEADER | 00000nam a2200000Ia 4500 | ||
|---|---|---|---|
| 003 | 004424 | ||
| 005 | 20221231144347.0 | ||
| 008 | 140114s1987 cr a m 000 ||s d | ||
| 040 | |c cru CEDI | ||
| 090 | |a TFG 2041 | ||
| 100 | |a Damazzio Solano, Luis E. |9 13749 | ||
| 245 | |a Analizador de señal de video compuesto. | ||
| 260 | |c 1987 |a San José, Costa Rica | ||
| 300 | |a 159 hojas : ilustraciones (algunas plegables) | ||
| 500 | |a Proyecto de graduación (bachillerato en ingeniería eléctrica)--Universidad de Costa Rica. Facultad de Ingeniería. Escuela de Ingeniería Eléctrica | ||
| 650 | |x CIRCUITOS ELECTRICOS |9 13750 | ||
| 942 | |c TFG | ||
| 999 | |c 20709 |d 20709 | ||
